Bodengeoquiz - Uni HD - Grundlagen (Teil 10) - Statistiken

Allgemein
  • Dieses Quiz wurde 72 mal gespielt
  • Das Durchschnittsergebnis liegt bei 10 aus 15
Antwortstatistiken
Frage Antwort % Korrekt
Wie nennt man die lebenden organischen Bestandteile im Boden? Edaphon
95%
Je trockener der Boden, desto _______ die Wasserspannung. höher
95%
Wie bezeichnet sich die allgemeine Unterteilung der Böden anhand von Korngrößen? Bodenart
90%
Durch den isomorphen Ersatz entsteht welcher Ladungsüberschuss? negativer
90%
Welcher Huminstoff eignet sich besonders schlecht für die H2O-Adsorption? Fulvosäuren
78%
In welchem Milieu kommen Chelate überwiegend vor? saures Milieu
73%
Wie heißt die organominerale Komplexverbindung aus Tonmineralen und Huminstoffen? Ton-Humus-Komplex
73%
Welche Humusform ist besonders nährstoffreich und eignet sich ideal für Pflanzen? Mull
68%
Welche Bodenart bildet in der Regel die höchste Wasserspannung aus? Ton
68%
Was kann man mittels KAK und BS bestimmen? Bodenfruchtbarkeit
60%
Wie nennt man Tonminerale, bei denen jede dritte Zentralstelle unbesetzt ist? dioktaedrisch
55%
Bei welcher Gefügeart sind die Körner unverbunden und lose (Kitt fehlt)? Einzelkorngefüge
53%
Wie bezeichnet man das Zusammenhalten des Wassers aneinander ("Oberflächenspannung")?? Kohäsion
53%
Welche anorganische Komplexverbindung gibt es in u.a. in "Schichtart" und "Bandart"? Tonminerale
45%
Was entsteht, wenn Bodengefüge durch Bearbeitung oder Umlagerung "zerstört" werden? Gefügefragmente
15%
Keine übereinstimmenden Quizze gefunden
Verteilung der Resultate
Anzahl Personen mit jedem Resultat
Perzentil nach korrekt beantworteten Fragen
Ihre Resultats-Entwicklung
Sie haben dieses Quiz noch nicht gespielt